|
|
|
|
| LEADER |
00000nam0a2200000 4500 |
| 001 |
368977 |
| 005 |
20231102012134.0 |
| 035 |
|
|
|a (RuTPU)RU\TPU\retro\26359
|
| 090 |
|
|
|a 368977
|
| 100 |
|
|
|a 20220426d1979 km y0rusy50 ca
|
| 101 |
0 |
|
|a rus
|
| 102 |
|
|
|a BY
|
| 105 |
|
|
|a a z 001zy
|
| 200 |
1 |
|
|a Справочник каменщика-монтажника
|f И. Н. Громов, С. К. Ладутько, А. С. Стаценко
|
| 210 |
|
|
|a Минск
|c Вышэйшая школа
|d 1979
|
| 215 |
|
|
|a 273 с.
|c ил.
|
| 320 |
|
|
|a Библиогр.: с.269
|
| 606 |
1 |
|
|a Кирпичная кладка
|2 stltpush
|3 (RuTPU)RU\TPU\subj\14401
|9 40798
|
| 610 |
1 |
|
|a справочники
|
| 610 |
1 |
|
|a техническая документация
|
| 610 |
1 |
|
|a строительно-монтажные работы
|
| 610 |
1 |
|
|a оплата труда
|
| 610 |
1 |
|
|a техника безопасности
|
| 610 |
1 |
|
|a каменные работы
|
| 610 |
1 |
|
|a строительные материалы
|
| 610 |
1 |
|
|a приспособления
|
| 610 |
1 |
|
|a гидроизоляция
|
| 610 |
1 |
|
|a такелажное оборудование
|
| 610 |
1 |
|
|a промышленные здания
|
| 610 |
1 |
|
|a электросварочные работы
|
| 610 |
1 |
|
|a стыки
|
| 610 |
1 |
|
|a заделка
|
| 610 |
1 |
|
|a заделка
|
| 610 |
1 |
|
|a контроль качества
|
| 675 |
|
|
|a 693.2(035)
|v 4
|
| 700 |
|
1 |
|a Громов
|b И. Н.
|g Игорь Николаевич
|
| 701 |
|
1 |
|a Ладутько
|b С. К.
|g Сергей Кондратьевич
|
| 701 |
|
1 |
|a Стаценко
|b А. С.
|g Анатолий Степанович
|
| 801 |
|
1 |
|a RU
|b 63413507
|c 20220426
|
| 942 |
|
|
|c BK
|